Atatürk'ten hatıralar (Record no. 3529)

MARC details
000 -BAŞLIK
Sabit Uzunlukta Kontrol Alanı 00724na a2200265 4500
001 - KONTROL NUMARASI
Denetim Alanı 14546
003 - KONTROL NUMARASI IDENTIFIER
Denetim Alanı MIRAKIL
005 - SON İŞLEM TARİHİ VE ZAMANI
Denetim Alanı 20181213154934.0
008 - SABİT-BOY VERİ ELEMANLARI - GENEL BİLGİLER
Sabit Uzunlukta Kontrol Alanı 160920b tu 000 0
020 ## - ULUSLARARASI STANDART KİTAP NUMARASI
Uluslararası Standart Kitap Numarası 9789750808827
035 ## - SİSTEM KONTROL NUMARASI
Sistem Kontrol Numarası 14546
040 ## - KATALOGLAMA KAYNAK
Orijinal Kataloglama Ajansı Milas
Kataloglama Dili tur
Metne Dönüştürmek Ajansı TR-AnCHP
082 ## - DEWEY ONLU SINIFLANDIRMA NUMARASI
Sınıflandırma Numarası ATA 923.156
Ürün Numarası S69a 2008
090 ## - SINIFLAMA NUMARASI
Sınıflama Numarası ATA 923.156 S69a 2008
100 ## - ANA GİRİŞ - KİŞİSEL İSİM
Kişisel Ad Soyak, Hasan Rıza
245 ## - BAŞLIK TABLOSU
Başlık Atatürk'ten hatıralar
Sorumluluk Tablosu, Vb Hasan Rıza Soyak
250 ## - EDITION TABLOSU
Baskı Beyanı 5. bs.
260 ## - YAYIN, DAĞITIM, VB
Yayın, Dağıtım, Vb Yeri İstanbul
Yayıncı, Dağıtıcı, Vs Adı Yapı Kredi
Yayın, Dağıtım, Vb Tarihi 2008
300 ## - FİZİKSEL TANIM
Kapsam 772 s.
Diğer Fiziksel Ayrıntıları fotg.
Boyutlar 24 sm.
490 ## - SERİSİ TABLOSU
Seri Beyanı Tarih
Hacim / Ardışık Tanımı 23
490 ## - SERİSİ TABLOSU
Seri Beyanı Yapı Kredi Yayınları
Hacim / Ardışık Tanımı 2131
504 ## - KAYNAKÇA VB NOT
Kaynakça Vb Notu Dizin var.
600 ## - KONU KATMA GİRİŞ - KURUMSAL ADI
Kişisel Ad Atatürk, Mustafa Kemal
Bir Adıyla İlişkilendirilen Tarihler 1881-1938
Genel Alt Bölümü Anılar
942 ## - EKLENDİ GİRİŞ ELEMANLARI (KOHA)
Sınıflandırma Veya Raf Düzeni Kaynak
Koha Öğesi Türü Books
999 ## - SİSTEM KONTROL NUMARALARI (KOHA)
Koha Biblionumber 3529
Koha Biblioitemnumber 3529
Holdings
Kalıcı Konum Mevcut Konum Edinme Tarihi Edinim Kaynak Toplam Check-Out'Lar Tam Çağrı Numarası Barkod Tarih Son Görülme Tarihi Geçen Teslim İtibaren Geçerli Fiyatlar Koha Öğesi Türü
CHP Kütüphanesi CHP Kütüphanesi 08/29/2016 Bağış 1 ATA 923.156 S69a 2008 002608 07/01/2020 05/01/2020 08/29/2016 Books